Statistics for US Cities With A Larger Population Than An Entire US State

Click here to take the quiz!

General Stats

  • This quiz has been taken 65 times
  • The average score is 26 of 31

Answer Stats

PopAnswer% Correct
2704958Chicago
100%
3976322Los Angeles
100%
8537673New York
100%
2303482Houston
98%
1317929Dallas
95%
1567872Philadelphia
94%
1406630San Diego
94%
1615017Phoenix
92%
870887San Francisco
92%
704352Seattle
92%
673184Boston
90%
672795Detroit
90%
1492510San Antonio
90%
693060Denver
89%
855164Indianapolis
87%
947980Austin
85%
639863Portland
85%
681170Washington
85%
632912Las Vegas
84%
1025350San Jose
84%
660388Nashville
82%
880619Jacksonville
81%
652717Memphis
81%
638637Oklahoma City
79%
614664Baltimore
77%
842051Charlotte
76%
860090Columbus
76%
683080El Paso
68%
854113Fort Worth
68%
595047Milwaukee
66%
616261Louisville
50%

Score Distribution

Percentile by Number Answered

Percent of People with Each Score

Your Score History

You have not taken this quiz